La gestion du capital-risque
Αποθηκεύτηκε σε:
| Κύριος συγγραφέας: | |
|---|---|
| Μορφή: | Βιβλίο |
| Γλώσσα: | French |
| Δημοσίευση: |
Paris :
Economica,
1990
|
| Σειρά: | Collection Rapports et syntheses
|
| Θέματα: | |
| Ετικέτες: |
Προσθήκη ετικέτας
Δεν υπάρχουν, Καταχωρήστε ετικέτα πρώτοι!
|
MARC
| LEADER | 00000nam a2200000 i 4500 | ||
|---|---|---|---|
| 001 | 1/17115 | ||
| 008 | 010209s1990 fre d | ||
| 020 | |a 2-7178-1928-2 | ||
| 035 | |l 10066018 | ||
| 040 | |a GR-MY-UA |b gre |e aacr | ||
| 041 | 0 | |a fre | |
| 082 | 0 | |a 658.1522 | |
| 100 | 1 | |a Ζοπουνίδης, Κωνσταντίνος. | |
| 245 | 1 | 3 | |a La gestion du capital-risque / |c Constantin Zopounidis |
| 260 | |a Paris : |b Economica, |c 1990 | ||
| 300 | |a 160 p.; |c 24 cm. | ||
| 490 | 1 | |a Collection Rapports et syntheses | |
| 504 | |a Includes bibliographical references | ||
| 650 | 0 | 0 | |a Venture capital |z France. |
| 830 | 0 | |a Collection Rapports et syntheses | |
| 852 | |a INST |b CHIOS |e 20010209 |h 658.1522 ΖΟΠ |p 005200021368 |q 005200021368 |t BK |y 0 | ||
| 901 | |a BIBL2-2001-1 | ||
| 909 | |a Χ |b 082783 | ||
| 922 | |a 2ΕΛΗ |b 200011 |c ΤΜΟΔ |d ΜΙΧΑΛΟΠΟΥΛΟΣ | ||
| 950 | |a 186-2000-09-15 | ||
| 970 | |a ΠΟΥΛΑΚΗ |b ΣΤΕΛΛΑ |z 2001/04/30 | ||